Logo BPK

Biblioteka

Politechniki Koszalińskiej

Wieś polska w świetle wyników NSP 2002 r. i PSR 2002 r. : (Rekord nr 44993)

Szczegóły MARC
000 -ETYKIETA REKORDU
podpole kontrolne o stałej długości 01419nam a2200289 i 4500
001 - NUMER KONTROLNY REKORDU
pole kontrolne bg
020 ## - MIĘDZYNARODOWY ZNORMALIZOWANY NUMER KSIĄŻKI - ISBN
ISBN 8389693151
040 ## - ŹRÓDŁO KATALOGOWANIA
Instytucja, która utworzyła rekord BPK
041 0# - KOD JĘZYKA
Kod języka tekstu pol
Kod języka streszczenia lub abstraktu eng
080 ## - UNIWERSALNA KLASYFIKACJA DZIESIĘTNA - UKD
UKD 63:311.3:314](438)"1989/..."
920 ## - Międzynarodowy znormalizowany numer książki – ISBN
ISBN 83-89693-15-1
008 - POLE O STAŁEJ DŁUGOŚCI - DANE KONTROLNE
podpole kontrolne o stałej długości s pl f |000 0 pol
245 00 - TYTUŁ/ODPOWIEDZIALNOŚĆ
Tytuł Wieś polska w świetle wyników NSP 2002 r. i PSR 2002 r. :
Ciąg dalszy tytułu (aspekty społeczne, ekonomiczne i przestrzenne) /
Pozostałe elementy strefy tytułu i oznaczenia odpowiedzialności pod red. Andrzeja Stasiaka.
260 ## - STREFA ADRESU WYDAWNICZEGO
Miejsce wydania Warszawa :
Nazwa wydawcy/dystrybutora KPZK PAN,
Data publikacji, dystrybucji/powstania dokumentu 2004.
300 ## - STREFA OPISU FIZYCZNEGO
Objętość 271 s. :
Inne cechy fizyczne mapy, wykr. ;
Rozmiary 21 cm.
490 1# - STREFA SERII I DOKUMENTU WIELOCZĘŚCIOWEGO - FORMA NIE DO WYSZUKIWANIA
Tytuł i oznaczenie odpowiedzialności serii Biuletyn / Polska Akademia Nauk. Komitet Przestrzennego Zagospodarowania Kraju / Wyższa Szkoła Ekonomiczna w Białymstoku,
ISSN 0079-3493 ;
Numeracja w obrębie serii Z. 213
500 ## - UWAGI OGÓLNE
Tekst uwagi Materiały pokonferencyjne z konf. pt.: "Wieś polska w świetle wyników Narodowego Spisu Powszechnego (NSP) 2002 oraz Powszechnego Spisu Rolnego (PSR) 2002 - aspekty społeczne, ekonomiczne, przestrzenne".
500 ## - UWAGI OGÓLNE
Tekst uwagi Streszcz. ang. przy ref.
504 ## - UWAGA DOTYCZĄCA BIBLIOGRAFII
Informacje o bibliografii Bibliogr. przy ref.
650 #9 - HASŁO PRZEDMIOTOWE W FORMIE NAZWY OGÓLNEJ LUB JEDNOSTKOWEJ
Nazwa ogólna lub geograficzna Rolnictwo
Określnik geograficzny Polska
Określnik chronologiczny od 1989 r.
650 #9 - HASŁO PRZEDMIOTOWE W FORMIE NAZWY OGÓLNEJ LUB JEDNOSTKOWEJ
Nazwa ogólna lub geograficzna Spis powszechny
Określnik geograficzny Polska
Określnik chronologiczny 2002 r.
650 #9 - HASŁO PRZEDMIOTOWE W FORMIE NAZWY OGÓLNEJ LUB JEDNOSTKOWEJ
Nazwa ogólna lub geograficzna Wieś
Określnik ogólny ludność
Określnik geograficzny Polska
Określnik chronologiczny od 1989 r.
700 1# - HASŁO DODATKOWE - NAZWA OSOBOWA
Nazwa osobowa STASIAK, Andrzej.
Określenie związku między hasłem a opisywanym materiałem Red.
830 #0 - HASŁO DODATKOWE SERII LUB DOKUMENTU WIELOCZĘŚCIOWEGO - TYTUŁ UJEDNOLICONY
Tytuł ujednolicony Biuletyn (Polska Akademia Nauk. Komitet Przestrzennego Zagospodarowania Kraju) ;
Oznaczenie tomu Z. 213
856 ## - LOKALIZACJA I DOSTĘP DO ELEKTRONICZNYCH DOKUMENTÓW ZDALNYCH
Link (URL) http://koha.tu.koszalin.pl/cgi-bin/koha/opac-detail.pl?biblionumber=44993
Tekst linku Katalog online BPK
942 ## - DODATKOWE ELEMENTY (KOHA)
Typ dokumentu Książka
Egzemplarze
Wycofany Status egzemplarza Uszkodzony Dostępność Lokalizacja stała Lokalizacja bieżąca Miejsce przechowywania Sygnatura Kod kreskowy Dział Typ dokumentu
      Tylko na miejscu Biblioteka Politechniki Koszalińskiej Biblioteka Politechniki Koszalińskiej Czytelnia Wydziałowa ul. Kwiatkowskiego 6e 72999 02181738 338.43 Ekonomika rolnictwa. Gospodarka żywnościowa Książka
© 2023 Biblioteka Politechniki Koszalińskiej :: KOHA